Definitívny zoznam investičných fondov pre 2. vlnu kupónovej privatizácie
Abecedný zoznam 166 investičných fondov (stav k 25.11.1994) s nasledovnými údajmi: obchodné meno fondu, sídlo, správca, depozitár a zakladateľ fondu, IČO, č.tel.
Guardado en:
| Formato: | Capítulo de libro |
|---|---|
| Lenguaje: | eslovaco |
| Materias: | |
| Etiquetas: |
Sin Etiquetas, Sea el primero en etiquetar este registro!
|
MARC
| LEADER | 00000naa a2200000 4500 | ||
|---|---|---|---|
| 001 | r024972 | ||
| 005 | 20221205091108.2 | ||
| 041 | 0 | |a slo | |
| 044 | |a SK | ||
| 245 | 1 | 0 | |a Definitívny zoznam investičných fondov pre 2. vlnu kupónovej privatizácie |
| 520 | |a Abecedný zoznam 166 investičných fondov (stav k 25.11.1994) s nasledovnými údajmi: obchodné meno fondu, sídlo, správca, depozitár a zakladateľ fondu, IČO, č.tel. | ||
| 610 | 2 | 0 | |a fondy investičné |
| 610 | 2 | 0 | |a Slovensko |
| 610 | 2 | 0 | |a privatizácia |
| 610 | 2 | 0 | |a kupóny |
| 610 | 2 | 0 | |a 1994 |
| 610 | 2 | 0 | |a november |
| 610 | 2 | 0 | |a súpisy |